Cognitive type theory learning style : a teacher's guide /

Guardat en:
Dades bibliogràfiques
Autor principal: Mamchur, Carolyn (autor)
Format: Llibre
Idioma:anglès
Publicat: Alexandria, EUA : Association for Supervision and Curriculum Development, 1996, c1996
Matèries:
Etiquetes: Afegir etiqueta
Sense etiquetes, Sigues el primer a etiquetar aquest registre!

MARC

LEADER 00000nam^a2200000^a^4500
001 000066685
005 20250521000000.0
009 20260526120217.39
020 |a 0-87120-278-6 
037 |a Acervo ITESO - Biblioteca 
041 |a ING 
082 |a 153. 4  |b MAM 
100 |a Mamchur, Carolyn  |e (autor) 
245 1 0 |a Cognitive type theory learning style :  |b a teacher's guide /  |c C.M. Mamchur. 
264 4 |a Alexandria, EUA :  |b Association for Supervision and Curriculum Development,  |c 1996, c1996 
300 |a 131 p. 
336 |a texto  |b txt  |2 rdacontenido 
337 |a sin mediación  |b n  |2 rdamedio 
338 |a volumen  |b nc  |2 rdasoporte 
649 |a XX 
650 |a Aprendizaje 
650 |a Psicología Cognitiva 
650 |a Desarrollo Cognoscitivo 
650 |a Psicología Evolutiva 
650 |a Psicología Educativa 
650 |a Educación 
910 |a Fondo General 
920 |a Impresos - Libros 
930 |a Colección General 
905 |a 101 
901 |a 0500021973  |b IT1  |c ACC  |u 20250521 
902 |a https://opac.biblio.iteso.mx/vufind/Record/000066685